Econometrics and mathematical economics (Record no. 1048)

MARC details
000 -LEADER
fixed length control field 00591cam a2200217ua 4500
008 - FIXED-LENGTH DATA ELEMENTS--GENERAL INFORMATION
fixed length control field 110428n ii |||gr||||Z||||||eng
020 ## - INTERNATIONAL STANDARD BOOK NUMBER
International Standard Book Number 81-219-1450-7
040 ## - CATALOGING SOURCE
Transcribing agency MAIN
082 ## - DEWEY DECIMAL CLASSIFICATION NUMBER
Classification number 330.1543
245 1# - TITLE STATEMENT
Title Econometrics and mathematical economics
Statement of responsibility, etc. by S.P.Singh
250 ## - EDITION STATEMENT
Edition statement 7th.
260 ## - PUBLICATION, DISTRIBUTION, ETC.
Place of publication, distribution, etc. New Delhi:
Name of publisher, distributor, etc. S.Chand & company ,999.
300 ## - PHYSICAL DESCRIPTION
Extent 431p.:
Dimensions 20cm.
700 ## - ADDED ENTRY--PERSONAL NAME
Personal name Singh, S.P.,
Relator term
700 ## - ADDED ENTRY--PERSONAL NAME
Personal name parashar, Anil K.,
Relator term
700 ## - ADDED ENTRY--PERSONAL NAME
Personal name Singh, H.P.,
Relator term
942 ## - ADDED ENTRY ELEMENTS (KOHA)
Koha item type Books
653 ## - INDEX TERM--UNCONTROLLED
Uncontrolled term Economics
653 ## - INDEX TERM--UNCONTROLLED
Uncontrolled term Econometrics and mathematical economics
Holdings
Withdrawn status Lost status Damaged status Not for loan Home library Current library Shelving location Date acquired Total Checkouts Full call number Barcode Date last seen Date last checked out Copy number Price effective from Koha item type
        Central Library, Naharkatiya College Central Library, Naharkatiya College General Stacks 19/09/2020 1 330.1543 | SIN 2440 19/04/2022 30/03/2022 1 19/09/2020 Books

Naharkatiya College © 2020. All rights reserved.

Powered By